| 000 | 004320000a22001690004500 | ||
|---|---|---|---|
| 020 | _a0 7069 0764 7 | ||
| 060 | _a100 | ||
| 082 | _a582.130 12 PRI | ||
| 100 | _aPriti, Shukla | ||
| 100 | _aShital, P Misra | ||
| 245 | _aIntroduction to taxanomy of angiosperms | ||
| 260 | _aNewdelhi, Vikas Publishing House Pvt Ltd | ||
| 260 | _c1979 | ||
| 300 | _a546 | ||
| 650 | _aTaxonomy- angiosperms/ Angiosperm-taxanomy | ||
| 942 | _cBK | ||
| 999 |
_c357215 _d357215 |
||